Notes on new testament introduction (Record no. 4044)

MARC details
000 -LEADER
fixed length control field 00466nam a22001457a 4500
008 - FIXED-LENGTH DATA ELEMENTS--GENERAL INFORMATION
fixed length control field 250702b |||||||| |||| 00| 0 eng d
020 ## - INTERNATIONAL STANDARD BOOK NUMBER
ISBN 9789789050680
100 ## - MAIN ENTRY--AUTHOR
Author Mccain Danny
245 ## - TITLE STATEMENT
Title Notes on new testament introduction
260 ## - PUBLICATION, DISTRIBUTION, ETC. (IMPRINT)
Place of publication plateau state
Name of publisher Africain christian textbooks
Date of publication 2014
300 ## - COLLATION
Pagination 434p.
650 ## - TRACINGS
Main Subject Bible new testaments- outline syllab- introductions
Subdivision (1st) Bible new testaments- study and teaching
942 ## - ADDED ENTRY ELEMENTS (KOHA)
Item type Books
050 ## - LIBRARY OF CONGRESS CALL NUMBER
Classification number BS2330.3
Item number .M33
Holdings
Source of classification or shelving scheme Not for loan Permanent location Current location Date acquired Accession No. Full call number Barcode. Koha item type
Library of Congress Classification   Samuel Ogbemudia Main Library, University of Abuja Samuel Ogbemudia Main Library, University of Abuja 07/02/2025 2025/64914-15 BS2330.3.M33 2025-2763 Books
Library of Congress Classification   Samuel Ogbemudia Main Library, University of Abuja Samuel Ogbemudia Main Library, University of Abuja 07/02/2025 2025/64914-15 BS2330.3.M33 2025-2764 Books